• 首页
  • 本馆介绍
  • 公告通知
  • 最新文献
  • 馆藏检索
  • 电子资源
  • 读者导购
  • 参考咨询
  • 我的图书馆
  • 登录
  • 详细信息显示
  • 放入我的书架
  • 预约/预借图书
  • 作者相关作品
  • 分类相关作品
  • 丛书相关作品
  • 出版社相关作品

书目信息

  • 表格格式
  • 工作单格式
  • 卡片格式
题名:
工程科学中的应用分析
    
 
作者: 唐少强 编著
分册:  
出版信息: 北京   北京大学出版社  2016.03
页数: 146页
开本: 23cm
丛书名: 中外物理学精品书系
单 册:
中图分类: TB1:H31
科图分类:
主题词: 工程技术--研究--英文
电子资源:
ISBN: 978-7-301-26761-5
000 01092nam0 2200301 450
001 3699
001 012003000001
001 01CN12140249@CSLN
005 20160926152422.64
010    @a978-7-301-26761-5@b平装@dCNY30.00
100    @a20160315d2016 em y0chiy50 ea
101 0  @aeng
102    @aCN@b110000
105    @ay z 000yy
200 1  @a工程科学中的应用分析@9gong cheng ke xue zhong de ying yong fen xi@f唐少强编著
205    @a英文版
210    @a北京@c北京大学出版社@d2016.03
215    @a146页@d23cm
225 2  @a中外物理学精品书系@9zhong wai wu li xue jing pin shu xi
300    @a一般读者
330    @a本书主要介绍非线性问题的一些基本数学分析方法和理论,具体包括四部分:常微分方程定性理论,包括不动点理论、混沌的简介;反应扩散方程,包括摄动法简介;椭圆型方程;双曲型守恒率;应用分析个例,包括孤立子、斑图选择简介。
333    @a物理学相关领域
461  0 @12001 @a中外物理学精品书系
606 0  @a工程技术@x研究@x英文
690    @aTB1:H31@v4
701  0 @a唐少强@9tang shao qiang@4编著
801  0 @aCN@b唐山师范学院图书馆@c20151001
905    @aZUCC@dTB1:H31@e171
    
    工程科学中的应用分析/唐少强编著.-英文版.-北京:北京大学出版社,2016.03
    146页;23cm.-(中外物理学精品书系)
    一般读者.-使用对象:物理学相关领域
    
    ISBN 978-7-301-26761-5(平装):CNY30.00
    本书主要介绍非线性问题的一些基本数学分析方法和理论,具体包括四部分:常微分方程定性理论,包括不动点理论、混沌的简介;反应扩散方程,包括摄动法简介;椭圆型方程;双曲型守恒率;应用分析个例,包括孤立子、斑图选择简介。
●
相关链接 在E读中查询图书 在五车中查询图书 在当当中查询图书 在豆瓣中查询图书


正题名:工程科学中的应用分析     索取号:TB1:H31/171         预约/预借

序号 登录号 条形码 馆藏地/架位号 状态 备注
1 906253   209062538   第二样本阅览室/ [索取号:TB1:H31/171] 在馆    
2 906254   209062547   第三借阅区/ [索取号:TB1:H31/171] 在馆    
3 906255   209062556   第三借阅区/ [索取号:TB1:H31/171] 在馆    
4 906256   209062565   第三借阅区/ [索取号:TB1:H31/171] 在馆    
5 906257   209062574   第三借阅区/ [索取号:TB1:H31/171] 在馆    
唐山师范学院图书馆 欢迎您!
大连网信软件有限公司© 版权所有